| 000 | 00815nam a2200229 a 4500 | ||
|---|---|---|---|
| 003 | CBULib | ||
| 005 | 20231117134808.0 | ||
| 008 | 120627s2011 ||||||||||||||||| || u | ||
| 040 |
_aCBULib _bEnglish _cCBULib _erda |
||
| 041 | _aeng | ||
| 050 | _aUNCTAD(02)2011/9 | ||
| 110 | _aUnited Nations Conference on Trade and Development (UNCTAD) | ||
| 245 | 1 | 2 |
_aA framework for science, technology and innovation policy reviews _c/ by United Nations Conference on Trade and Development (UNCTAD) |
| 260 |
_aNew York: _bUnited Nations, _c2011. |
||
| 300 | _a20 pages : illustrations | ||
| 336 |
_2rdacontent _aText | _btxt |
||
| 337 |
_2rdamedia _aUnmediated | _bn |
||
| 338 |
_2rdacarrier _aVolume _bnc |
||
| 650 | _aDEVELOPMENT POLICIES | ||
| 942 |
_2mc _c029 |
||
| 999 |
_c43956 _d43956 |
||